01256nam a2200313 a 45000010008000000030005000080050017000130080041000300100017000710200015000880350021001030400016001240420014001400430012001540500024001660820019001901000025002092450035002342500013002692600030002823000025003125040329003376000025006666500047006919060045007389420012007839990019007959520128008144929542NUST20221219125412.0950125s1994 enk b 001 0aeng d a 95107972  a0099387212 a(OCoLC)31938069  aUkcUkdDLC alccopycat au-at---04aPN5516.P55bA3 199400a070.92,PIL2201 aPilger, John.99961210aDistant voices /cJohn Pilger. aRev. ed. aLondon :bVintage,c1994. axv, 625 p. ;c20 cm. aInvisible Britain (Page-21), Distant Voice of Dissent (Page-61), The Quiet Death of the Labour party (Page-95), Mythmakers of the Gulf War (Page-123), War by other Means (Page-191), East Timor (Page-231), Tributes (Page-325), On the Read (Page-369), Combodia (Page-399), Under the Volcano (Page-495), Australia (Page-521). 10aPilger, John.999612 0aJournalistszAustraliaxBiography.9105202 a7bcbcccopycatd2encipf19gy-gencatlg 2ddccBK c592727d592727 00102ddc4070aMCSbMCScGENd2022-12-19l0o070.92,PIL pMCS37600r2022-12-19w2022-12-19yBKzAlmirah No.46, Shelf No.2